| 000 | 00430cam a2200145 i 4500 | ||
|---|---|---|---|
| 020 | _a9780896295889 (pbk. : alk. paper) | ||
| 040 | _cDNAL | ||
| 082 | 0 | 0 | _a363 INT 2016 C159 Or. |
| 245 | 0 | 0 |
_aNourishing millions : _bstories of change in nutrition / |
| 300 |
_axiii, 220 pages : _bcolor illustrations, color map ; _c26 cm |
||
| 650 | 0 | _aMalnutrition | |
| 650 | 0 | _aNutrition policy. | |
| 700 | 1 | _aGillespie, Stuart | |
| 942 | _cAEDBB | ||
| 999 |
_c19045 _d19045 |
||